Konkurenceschopnost v procesu globalizace
Medzinárodná konkurencieschopnosť. Základné predpoklady konkurencieschopnosti krajiny. Kritické aspekty globalizácie. Integračné súvislosti a stratégie založené na konkurenčnej výhode. Vývojové fázy integračného procesu. Vývoj globalizácie a konkurenčná výhoda.
Na minha lista:
| Autor principal: | |
|---|---|
| Formato: | Capítulo de Livro |
| Idioma: | tcheco |
| Assuntos: | |
| Tags: |
Sem tags, seja o primeiro a adicionar uma tag!
|
MARC
| LEADER | 00000naa a2200000 4500 | ||
|---|---|---|---|
| 001 | r039094 | ||
| 005 | 20230922111717.4 | ||
| 041 | 0 | |a cze | |
| 044 | |a CZ | ||
| 245 | 1 | 0 | |a Konkurenceschopnost v procesu globalizace |c M. Svatoš |
| 520 | |a Medzinárodná konkurencieschopnosť. Základné predpoklady konkurencieschopnosti krajiny. Kritické aspekty globalizácie. Integračné súvislosti a stratégie založené na konkurenčnej výhode. Vývojové fázy integračného procesu. Vývoj globalizácie a konkurenčná výhoda. | ||
| 610 | 2 | 0 | |a konkurencieschopnosť |
| 610 | 2 | 0 | |a globalizácia |
| 610 | 2 | 0 | |a integrácia ekonomická medzinárodná |
| 610 | 2 | 0 | |a hospodárstvo svetové |
| 610 | 2 | 0 | |a výhody konkurenčné |
| 100 | 1 | |a Svatoš, Miroslav | |